Automatización de procesos para la Clínica CIMEDI mediante un sistema computacional

Presenta los procesos de automatización y sistematización de la información relacionada con el Centro de Imagenología médica intefral con el propósito de apoyar en el control de la información y generar reportes que se realizan de forma manuales a través de Excel

Bibliographic Details
Main Authors: Vallecillo López, Cristian Johanna, Paniagua Arellano, Yahosca Virginia
Other Authors: Tutor: Flores Quintanilla, Gloria Talía
Format: Tesis Section = Libro
Language:Undetermined
Spanish
Published: Managua UNI 2019
Subjects:
LEADER 01142nam a2200265Ia 4500
008 240830s9999 xx 000 0 und d
040 |a BIBLIOTECA-RUSB/ Mon 651.8 V181 
041 |a spa 
082 |a Mon 651.8 V181 
100 1 |a Vallecillo López, Cristian Johanna 
100 1 |b Paniagua Arellano, Yahosca Virginia 
245 1 0 |a Automatización de procesos para la Clínica CIMEDI mediante un sistema computacional 
260 |a Managua  |b UNI  |c 2019 
300 |a 74 p. :il. 
500 |a Contiene: anexos y CD. 
502 |a Tesis (Ingeniero en Computación) - UNI, 2019. 
520 3 |a Presenta los procesos de automatización y sistematización de la información relacionada con el Centro de Imagenología médica intefral con el propósito de apoyar en el control de la información y generar reportes que se realizan de forma manuales a través de Excel 
650 7 |a PROCESAMIENTO DE DATOS 
650 7 |b  SISTEMA COMPUTACIONAL 
650 7 |c  AUTOMATIZACION DE OFICINAS 
650 7 |d  SISTEMA DE CONTROL DE DATOS 
700 1 |a Tutor:  |b Flores Quintanilla, Gloria Talía 
942 |c BK  |2 ddc 
991 |a TESIS 
999 |c 20574